[Event "ESTCC 65 2019"]
[Site "Mali Losinj"]
[Date "2019.09.25"]
[Round "8.4"]
[White "Pushkov, Nikolai"]
[Black "Ewart, Brian R"]
[Result "1-0"]
[WhiteElo "2261"]
[BlackElo "1882"]
[Annotator "NA"]
[PlyCount "73"]
[EventDate "2019.09.18"]
[EventType "team-tourn"]
[EventCountry "CRO"]
[SourceTitle "playchess.com"]
[Source "ChessBase"]
[SourceQuality "1"]
[WhiteTeam "Russia"]
[BlackTeam "England"]
[WhiteTeamCountry "RUS"]
[BlackTeamCountry "ENG"]
[TimeControl "40/5400+30:1800+30"]

1. d4 {[%emt 0:00:30]} Nf6 {[%emt 0:09:30]} 2. Nf3 {[%emt 0:00:00]} g6 {[%emt 0:00:30]} 3. c4 {[%emt 0:00:00]} Bg7 {[%emt 0:00:30]} 4. Nc3 {[%emt 0:00:30]} O-O {[%emt 0:00:30]} 5. e4 {[%emt 0:00:00]} d6 {[%emt 0:00:30]} 6. Be2 {[%emt 0:00:00]} e5 {[%emt 0:00:30]} 7. Be3 {[%emt 0:00:30]} Nc6 {[%emt 0:02:30]} 8. d5 {[%emt 0:00:00]} Ne7 {[%emt 0:00:30]} 9. Nd2 {[%emt 0:00:00]} c6 {[%emt 0:00:30]} 10. O-O {[%emt 0:01:30]} cxd5 {[%emt 0:04:30]} 11. cxd5 {[%emt 0:00:30]} a6 {[%emt 0:00:30]} 12. b4 {[%emt 0:02:30]} Nd7 {[%emt 0:06:30]} 13. Nc4 {[%emt 0:02:30]} Qc7 {[%emt 0:04:30]} 14. Rc1 {[%emt 0:00:30]} b5 {[%emt 0:05:30]} 15. Na5 {[%emt 0:00:30]} Qb8 {[%emt 0:01:30]} 16. a4 {[%emt 0:04:30]} bxa4 {[%emt 0:02:30]} 17. Nc6 {[%emt 0:03:30]} Nxc6 {[%emt 0:02:30]} 18. dxc6 {[%emt 0:02:30]} Nf6 {[%emt 0:01:30]} 19. Qxa4 {[%emt 0:00:30]} Be6 {[%emt 0:10:30]} 20. Rfd1 {[%emt 0:10:30]} Qc7 {[%emt 0:05:30]} 21. Nd5 {[%emt 0:02:30]} Bxd5 {[%emt 0:06:30]} 22. exd5 {[%emt 0:00:00]} Rfb8 {[%emt 0:05:30]} 23. h3 {[%emt 0:05:00]} h5 {[%emt 0:00:30]} 24. Bxa6 {[%emt 0:01:30]} Kh7 {[%emt 0:01:30]} 25. b5 {[%emt 0:00:30]} Bh6 {[%emt 0:00:30]} 26. Bxh6 {[%emt 0:04:30]} Kxh6 {[%emt 0:00:30]} 27. Qa3 {[%emt 0:01:30]} Ne8 {[%emt 0:01:30]} 28. Qe3+ {[%emt 0:01:30]} Kh7 {[%emt 0:00:30]} 29. Ra1 {[%emt 0:05:30]} Rb6 {[%emt 0:14:26]} 30. f4 {[%emt 0:04:30]} f6 {[%emt 0:00:33]} 31. fxe5 {[%emt 0:01:30]} fxe5 {[%emt 0:00:02]} 32. Rf1 {[%emt 0:01:30]} Rab8 {[%emt 0:01:30]} 33. Qf2 {[%emt 0:04:30]} Qg7 {[%emt 0:02:47]} 34. Qf8 {[%emt 0:02:30]} Qxf8 {[%emt 0:02:03]} 35. Rxf8 {[%emt 0:00:00]} Kh6 {[%emt 0:04:50]} 36. Rf7 {[%emt 0:02:00]} Rxa6 {[%emt 0:01:17]} 37. bxa6 {[%emt 0:00:00]} 1-0

[Event "ESTCC 65 2019"]
[Site "Mali Losinj"]
[Date "2019.09.25"]
[Round "8.5"]
[White "Beilfuss, Wilfried"]
[Black "Rantanen, Yrjo A."]
[Result "0-1"]
[WhiteElo "2192"]
[BlackElo "2309"]
[Annotator "NA"]
[PlyCount "84"]
[EventDate "2019.09.18"]
[EventType "team-tourn"]
[EventCountry "CRO"]
[SourceTitle "playchess.com"]
[Source "ChessBase"]
[SourceQuality "1"]
[WhiteTeam "Germany"]
[BlackTeam "Finland"]
[WhiteTeamCountry "GER"]
[BlackTeamCountry "FIN"]
[TimeControl "40/5400+30:1800+30"]

1. Nf3 {[%emt 0:00:30]} c5 {[%emt 0:02:30]} 2. c4 {[%emt 0:00:30]} Nf6 {[%emt 0:02:30]} 3. Nc3 {[%emt 0:00:30]} e6 {[%emt 0:00:30]} 4. g3 {[%emt 0:00:30]} d5 {[%emt 0:00:30]} 5. cxd5 {[%emt 0:00:30]} exd5 {[%emt 0:00:30]} 6. d4 {[%emt 0:00:30]} Nc6 {[%emt 0:00:30]} 7. Bg2 {[%emt 0:00:00]} Be7 {[%emt 0:00:30]} 8. O-O {[%emt 0:00:00]} O-O {[%emt 0:02:30]} 9. b3 {[%emt 0:00:30]} Ne4 {[%emt 0:00:30]} 10. Bb2 {[%emt 0:00:30]} Bf6 {[%emt 0:01:30]} 11. Na4 {[%emt 0:01:30]} cxd4 {[%emt 0:04:30]} 12. Nxd4 {[%emt 0:02:30]} Bxd4 {[%emt 0:01:30]} 13. Bxd4 {[%emt 0:00:00]} Bf5 {[%emt 0:00:30]} 14. Rc1 {[%emt 0:02:00]} Re8 {[%emt 0:05:30]} 15. e3 {[%emt 0:06:30]} Qe7 {[%emt 0:05:30]} 16. Nc3 {[%emt 0:11:30]} Rad8 {[%emt 0:03:30]} 17. Ne2 {[%emt 0:02:30]} Qa3 {[%emt 0:10:30]} 18. Ra1 {[%emt 0:14:30]} Ng5 {[%emt 0:17:30]} 19. h4 {[%emt 0:00:30]} Ne6 {[%emt 0:00:00]} 20. Qd2 {[%emt 0:03:30]} Qa6 {[%emt 0:05:00]} 21. Bf3 {[%emt 0:06:30]} Be4 {[%emt 0:06:30]} 22. Kg2 {[%emt 0:01:30]} Nexd4 {[%emt 0:10:07]} 23. Nxd4 {[%emt 0:01:30]} Nxd4 {[%emt 0:02:05]} 24. exd4 {[%emt 0:05:30]} Bxf3+ {[%emt 0:02:12]} 25. Kxf3 {[%emt 0:00:30]} Re4 {[%emt 0:00:00]} 26. Rad1 {[%emt 0:05:30]} h6 {[%emt 0:01:05]} 27. Rfe1 {[%emt 0:01:30]} Qg6 {[%emt 0:00:38]} 28. Rh1 {[%emt 0:12:30]} Rde8 {[%emt 0:01:29]} 29. Kg2 {[%emt 0:00:30]} Re2 {[%emt 0:03:59]} 30. Qf4 {[%emt 0:00:30]} Rxa2 {[%emt 0:00:54]} 31. Rhe1 {[%emt 0:01:21]} Re4 {[%emt 0:03:22]} 32. Rxe4 {[%emt 0:00:53]} Qxe4+ {[%emt 0:00:46]} 33. Qxe4 {[%emt 0:00:15]} dxe4 {[%emt 0:00:08]} 34. Re1 {[%emt 0:00:09]} f5 {[%emt 0:00:23]} 35. g4 {[%emt 0:00:47]} Rd2 {[%emt 0:00:05]} 36. gxf5 {[%emt 0:03:39]} Rxd4 {[%emt 0:00:13]} 37. Rc1 {[%emt 0:03:52]} Rb4 {[%emt 0:00:50]} 38. Rc3 {[%emt 0:02:07]} Kf7 {[%emt 0:00:23]} 39. Kg3 {[%emt 0:01:33]} Kf6 {[%emt 0:00:49]} 40. Kf4 {[%emt 0:00:16]} e3+ {[%emt 0:00:43]} 41. Kxe3 {[%emt 0:30:20]} Rxh4 {[%emt 0:30:19]} 42. Kd2 {[%emt 0:03:14]} Rb4 {[%emt 0:02:15]} 0-1

[Event "ESTCC 65 2019"]
[Site "Mali Losinj"]
[Date "2019.09.25"]
[Round "8.6"]
[White "Westerinen, Heikki M.J."]
[Black "Becker, Norbert"]
[Result "1-0"]
[WhiteElo "2296"]
[BlackElo "2131"]
[Annotator "NA"]
[PlyCount "59"]
[EventDate "2019.09.18"]
[EventType "team-tourn"]
[EventCountry "CRO"]
[SourceTitle "playchess.com"]
[Source "ChessBase"]
[SourceQuality "1"]
[WhiteTeam "Finland"]
[BlackTeam "Germany"]
[WhiteTeamCountry "FIN"]
[BlackTeamCountry "GER"]
[TimeControl "40/5400+30:1800+30"]

1. e4 {[%emt 0:00:30]} c5 {[%emt 0:00:30]} 2. Nc3 {[%emt 0:00:30]} g6 {[%emt 0:00:30]} 3. f4 {[%emt 0:00:30]} Bg7 {[%emt 0:00:30]} 4. Nf3 {[%emt 0:01:30]} d6 {[%emt 0:01:30]} 5. Bb5+ {[%emt 0:04:30]} Bd7 {[%emt 0:00:30]} 6. a4 {[%emt 0:03:30]} Nc6 {[%emt 0:07:30]} 7. O-O {[%emt 0:04:30]} Nf6 {[%emt 0:03:30]} 8. d3 {[%emt 0:06:30]} O-O {[%emt 0:00:30]} 9. h3 {[%emt 0:07:30]} Ne8 {[%emt 0:05:30]} 10. Bd2 {[%emt 0:07:30]} Nc7 {[%emt 0:03:30]} 11. Bc4 {[%emt 0:00:30]} Nd4 {[%emt 0:06:30]} 12. Nxd4 {[%emt 0:06:30]} Bxd4+ {[%emt 0:01:30]} 13. Kh1 {[%emt 0:04:30]} Bc6 {[%emt 0:02:30]} 14. f5 {[%emt 0:03:30]} d5 {[%emt 0:03:30]} 15. exd5 {[%emt 0:00:30]} Nxd5 {[%emt 0:00:30]} 16. Qg4 {[%emt 0:04:30]} Nf6 {[%emt 0:21:30]} 17. Qh4 {[%emt 0:07:30]} Nh5 {[%emt 0:09:30]} 18. Bh6 {[%emt 0:13:30]} Qd6 {[%emt 0:02:30]} 19. Ne2 {[%emt 0:00:30]} Bg7 {[%emt 0:05:30]} 20. Bxg7 {[%emt 0:01:30]} Kxg7 {[%emt 0:00:00]} 21. Nf4 {[%emt 0:01:31]} Nxf4 {[%emt 0:04:59]} 22. Rxf4 {[%emt 0:00:39]} Qf6 {[%emt 0:02:00]} 23. Qf2 {[%emt 0:06:37]} g5 {[%emt 0:03:08]} 24. Rg4 {[%emt 0:00:24]} Kh8 {[%emt 0:03:57]} 25. Qxc5 {[%emt 0:02:16]} Qxb2 {[%emt 0:01:46]} 26. Re1 {[%emt 0:00:54]} Qxc2 {[%emt 0:03:40]} 27. Rxe7 {[%emt 0:05:38]} Qb1+ {[%emt 0:03:47]} 28. Kh2 {[%emt 0:00:21]} f6 {[%emt 0:00:07]} 29. Rxg5 {[%emt 0:01:03]} Qf1 {[%emt 0:01:31]} 30. Rxh7+ {[%emt 0:00:51]} 1-0

[Event "ESTCC 65 2019"]
[Site "Mali Losinj"]
[Date "2019.09.25"]
[Round "8.7"]
[White "Mueller, Gerhard"]
[Black "Kivimaki, Jaakko"]
[Result "1/2-1/2"]
[WhiteElo "2104"]
[BlackElo "2195"]
[Annotator "NA"]
[PlyCount "66"]
[EventDate "2019.09.18"]
[EventType "team-tourn"]
[EventCountry "CRO"]
[SourceTitle "playchess.com"]
[Source "ChessBase"]
[SourceQuality "1"]
[WhiteTeam "Germany"]
[BlackTeam "Finland"]
[WhiteTeamCountry "GER"]
[BlackTeamCountry "FIN"]
[TimeControl "40/5400+30:1800+30"]

1. e4 {[%emt 0:00:30]} e5 {[%emt 0:00:30]} 2. Bc4 {[%emt 0:00:00]} Nc6 {[%emt 0:00:00]} 3. d3 {[%emt 0:00:00]} Nf6 {[%emt 0:01:00]} 4. Nc3 {[%emt 0:00:30]} Na5 {[%emt 0:01:30]} 5. Nf3 {[%emt 0:03:30]} Nxc4 {[%emt 0:02:30]} 6. dxc4 {[%emt 0:00:30]} d6 {[%emt 0:00:00]} 7. O-O {[%emt 0:01:30]} Be7 {[%emt 0:01:00]} 8. Qd3 {[%emt 0:03:30]} Bg4 {[%emt 0:03:30]} 9. h3 {[%emt 0:01:30]} Bh5 {[%emt 0:00:30]} 10. Ne2 {[%emt 0:05:30]} Qd7 {[%emt 0:04:30]} 11. Ng3 {[%emt 0:02:30]} Bg6 {[%emt 0:00:30]} 12. Be3 {[%emt 0:03:30]} h5 {[%emt 0:06:30]} 13. Nh4 {[%emt 0:04:30]} Bh7 {[%emt 0:01:30]} 14. Nhf5 {[%emt 0:02:30]} Bf8 {[%emt 0:23:30]} 15. a4 {[%emt 0:13:30]} h4 {[%emt 0:05:30]} 16. Nxh4 {[%emt 0:01:30]} Bxe4 {[%emt 0:01:30]} 17. Nxe4 {[%emt 0:00:00]} Rxh4 {[%emt 0:00:00]} 18. Ng3 {[%emt 0:03:00]} Qe6 {[%emt 0:02:00]} 19. b3 {[%emt 0:01:30]} g6 {[%emt 0:01:30]} 20. Bg5 {[%emt 0:05:30]} Rh8 {[%emt 0:06:30]} 21. Qf3 {[%emt 0:03:30]} Nh7 {[%emt 0:00:30]} 22. Qxb7 {[%emt 0:00:30]} Rc8 {[%emt 0:07:30]} 23. Be3 {[%emt 0:01:30]} f5 {[%emt 0:02:30]} 24. Bxa7 {[%emt 0:05:30]} Ng5 {[%emt 0:02:30]} 25. Qc6+ {[%emt 0:01:30]} Ke7 {[%emt 0:00:30]} 26. Qd5 {[%emt 0:00:30]} Qd7 {[%emt 0:02:30]} 27. f4 {[%emt 0:07:30]} c6 {[%emt 0:02:30]} 28. Qa5 {[%emt 0:00:30]} Ra8 {[%emt 0:01:41]} 29. fxg5 {[%emt 0:00:30]} Rxa7 {[%emt 0:00:19]} 30. Qd2 {[%emt 0:02:30]} Bg7 {[%emt 0:00:30]} 31. Rad1 {[%emt 0:00:30]} Qe6 {[%emt 0:02:56]} 32. Qf2 {[%emt 0:02:30]} Rb7 {[%emt 0:01:23]} 33. Rfe1 {[%emt 0:04:30]} Kf7 {[%emt 0:06:17]} 1/2-1/2

[Event "ESTCC 65 2019"]
[Site "Mali Losinj"]
[Date "2019.09.25"]
[Round "8.9"]
[White "Carlsten, Peter"]
[Black "Werner, Clemens"]
[Result "0-1"]
[WhiteElo "1986"]
[BlackElo "2286"]
[Annotator "NA"]
[PlyCount "60"]
[EventDate "2019.09.18"]
[EventType "team-tourn"]
[EventCountry "CRO"]
[SourceTitle "playchess.com"]
[Source "ChessBase"]
[SourceQuality "1"]
[WhiteTeam "Sweden"]
[BlackTeam "Germany"]
[WhiteTeamCountry "SWE"]
[BlackTeamCountry "GER"]
[TimeControl "40/5400+30:1800+30"]

1. e4 {[%emt 0:00:30]} c6 {[%emt 0:00:30]} 2. d4 {[%emt 0:00:30]} d5 {[%emt 0:00:00]} 3. f3 {[%emt 0:00:00]} e6 {[%emt 0:00:00]} 4. Nc3 {[%emt 0:00:00]} Bb4 {[%emt 0:00:30]} 5. Bf4 {[%emt 0:00:00]} Nf6 {[%emt 0:00:30]} 6. e5 {[%emt 0:01:00]} Nfd7 {[%emt 0:00:30]} 7. Nge2 {[%emt 0:04:30]} O-O {[%emt 0:02:30]} 8. a3 {[%emt 0:01:30]} Be7 {[%emt 0:00:30]} 9. Na2 {[%emt 0:14:30]} f6 {[%emt 0:01:30]} 10. exf6 {[%emt 0:00:30]} Bxf6 {[%emt 0:17:30]} 11. Qd2 {[%emt 0:01:30]} Re8 {[%emt 0:09:30]} 12. O-O-O {[%emt 0:02:30]} c5 {[%emt 0:02:30]} 13. c3 {[%emt 0:01:30]} Nc6 {[%emt 0:00:30]} 14. Kb1 {[%emt 0:03:30]} Qb6 {[%emt 0:10:30]} 15. Be3 {[%emt 0:02:30]} c4 {[%emt 0:01:30]} 16. g4 {[%emt 0:01:30]} Na5 {[%emt 0:01:30]} 17. Nac1 {[%emt 0:00:30]} Be7 {[%emt 0:01:30]} 18. Ka1 {[%emt 0:04:30]} Qb5 {[%emt 0:04:30]} 19. Qc2 {[%emt 0:11:30]} Nb6 {[%emt 0:00:30]} 20. h4 {[%emt 0:01:30]} Bd7 {[%emt 0:04:30]} 21. Rd2 {[%emt 0:02:30]} Nb3+ {[%emt 0:01:30]} 22. Nxb3 {[%emt 0:00:30]} cxb3 {[%emt 0:00:00]} 23. Qc1 {[%emt 0:00:30]} Rac8 {[%emt 0:03:00]} 24. Nf4 {[%emt 0:10:30]} Qa5 {[%emt 0:03:30]} 25. g5 {[%emt 0:08:30]} Bxa3 {[%emt 0:04:30]} 26. bxa3 {[%emt 0:00:30]} Rxc3 {[%emt 0:00:30]} 27. Qe1 {[%emt 0:01:30]} Qxa3+ {[%emt 0:10:01]} 28. Kb1 {[%emt 0:00:30]} Rc2 {[%emt 0:00:21]} 29. Rxc2 {[%emt 0:00:30]} bxc2+ {[%emt 0:00:09]} 30. Kxc2 {[%emt 0:00:00]} Rc8+ {[%emt 0:00:29]} 0-1

[Event "ESTCC 65 2019"]
[Site "Mali Losinj"]
[Date "2019.09.25"]
[Round "8.10"]
[White "Kierzek, Matthias"]
[Black "Ahlstrom, Per"]
[Result "1-0"]
[WhiteElo "2186"]
[BlackElo "1838"]
[Annotator "NA"]
[PlyCount "97"]
[EventDate "2019.09.18"]
[EventType "team-tourn"]
[EventCountry "CRO"]
[SourceTitle "playchess.com"]
[Source "ChessBase"]
[SourceQuality "1"]
[WhiteTeam "Germany"]
[BlackTeam "Sweden"]
[WhiteTeamCountry "GER"]
[BlackTeamCountry "SWE"]
[TimeControl "40/5400+30:1800+30"]

1. d4 {[%emt 0:00:30]} Nf6 {[%emt 0:00:30]} 2. c4 {[%emt 0:00:00]} g6 {[%emt 0:00:00]} 3. Nc3 {[%emt 0:00:00]} Bg7 {[%emt 0:00:00]} 4. e4 {[%emt 0:00:00]} d6 {[%emt 0:00:00]} 5. Be2 {[%emt 0:00:00]} c6 {[%emt 0:04:00]} 6. Bg5 {[%emt 0:00:30]} a6 {[%emt 0:02:30]} 7. Nf3 {[%emt 0:03:30]} b5 {[%emt 0:02:30]} 8. cxb5 {[%emt 0:09:30]} axb5 {[%emt 0:00:30]} 9. a3 {[%emt 0:00:30]} O-O {[%emt 0:11:30]} 10. O-O {[%emt 0:02:30]} h6 {[%emt 0:07:30]} 11. Bf4 {[%emt 0:01:30]} d5 {[%emt 0:28:30]} 12. e5 {[%emt 0:01:30]} Nh7 {[%emt 0:04:30]} 13. h4 {[%emt 0:10:30]} Bg4 {[%emt 0:03:30]} 14. Qd2 {[%emt 0:01:30]} Bxf3 {[%emt 0:00:30]} 15. Bxf3 {[%emt 0:00:30]} h5 {[%emt 0:00:30]} 16. Rfe1 {[%emt 0:02:30]} e6 {[%emt 0:00:30]} 17. g3 {[%emt 0:00:30]} Nd7 {[%emt 0:01:30]} 18. b3 {[%emt 0:06:30]} Qe7 {[%emt 0:00:30]} 19. a4 {[%emt 0:03:30]} b4 {[%emt 0:00:30]} 20. Na2 {[%emt 0:00:30]} c5 {[%emt 0:02:30]} 21. dxc5 {[%emt 0:04:30]} Nxc5 {[%emt 0:00:00]} 22. Rab1 {[%emt 0:01:30]} Na6 {[%emt 0:05:00]} 23. Be2 {[%emt 0:03:30]} Rfb8 {[%emt 0:00:30]} 24. Bxa6 {[%emt 0:01:30]} Rxa6 {[%emt 0:00:00]} 25. Rbc1 {[%emt 0:00:30]} Bf8 {[%emt 0:02:00]} 26. Rc2 {[%emt 0:00:30]} Qd7 {[%emt 0:03:30]} 27. Qd4 {[%emt 0:05:30]} Qa7 {[%emt 0:03:08]} 28. Qxa7 {[%emt 0:06:30]} Rxa7 {[%emt 0:00:05]} 29. Nc1 {[%emt 0:00:00]} Be7 {[%emt 0:01:29]} 30. Nd3 {[%emt 0:00:00]} g5 {[%emt 0:00:42]} 31. hxg5 {[%emt 0:00:30]} Bxg5 {[%emt 0:02:55]} 32. Rec1 {[%emt 0:02:30]} Raa8 {[%emt 0:08:45]} 33. Kg2 {[%emt 0:04:30]} Kg7 {[%emt 0:01:18]} 34. Bxg5 {[%emt 0:02:30]} Nxg5 {[%emt 0:00:11]} 35. Nf4 {[%emt 0:00:30]} h4 {[%emt 0:02:58]} 36. gxh4 {[%emt 0:00:00]} Ne4 {[%emt 0:00:21]} 37. Rc7 {[%emt 0:01:00]} Nc3 {[%emt 0:01:27]} 38. Nxe6+ {[%emt 0:00:30]} Kg6 {[%emt 0:01:06]} 39. Nf4+ {[%emt 0:01:30]} Kf5 {[%emt 0:00:21]} 40. Rxf7+ {[%emt 0:01:30]} Kxe5 {[%emt 0:00:07]} 41. Re1+ {[%emt 0:35:30]} Kd4 {[%emt 0:32:02]} 42. Re3 {[%emt 0:00:00]} Rg8+ {[%emt 0:00:00]} 43. Kf3 {[%emt 0:00:00]} Kc5 {[%emt 0:00:00]} 44. Nd3+ {[%emt 0:00:00]} Kd6 {[%emt 0:00:00]} 45. Rf6+ {[%emt 0:00:00]} Kd7 {[%emt 0:00:00]} 46. Nxb4 {[%emt 0:00:00]} Rgf8 {[%emt 0:00:00]} 47. Rxf8 {[%emt 0:00:00]} Rxf8+ {[%emt 0:00:00]} 48. Kg2 {[%emt 0:00:00]} Nd1 {[%emt 0:00:00]} 49. Rf3 {[%emt 0:00:00]} 1-0

[Event "ESTCC 65 2019"]
[Site "Mali Losinj"]
[Date "2019.09.25"]
[Round "8.11"]
[White "Dalling, Peter"]
[Black "Herbrechtsmeier, Christof"]
[Result "0-1"]
[WhiteElo "1824"]
[BlackElo "2210"]
[Annotator "NA"]
[PlyCount "84"]
[EventDate "2019.09.18"]
[EventType "team-tourn"]
[EventCountry "CRO"]
[SourceTitle "playchess.com"]
[Source "ChessBase"]
[SourceQuality "1"]
[WhiteTeam "Sweden"]
[BlackTeam "Germany"]
[WhiteTeamCountry "SWE"]
[BlackTeamCountry "GER"]
[TimeControl "40/5400+30:1800+30"]

1. e4 {[%emt 0:00:30]} d5 {[%emt 0:00:30]} 2. e5 {[%emt 0:01:30]} c5 {[%emt 0:00:30]} 3. d4 {[%emt 0:01:30]} Nc6 {[%emt 0:04:30]} 4. c3 {[%emt 0:01:30]} cxd4 {[%emt 0:02:30]} 5. cxd4 {[%emt 0:00:00]} Bf5 {[%emt 0:02:30]} 6. a3 {[%emt 0:02:00]} e6 {[%emt 0:01:30]} 7. Nf3 {[%emt 0:00:30]} h6 {[%emt 0:06:30]} 8. Nc3 {[%emt 0:00:30]} a6 {[%emt 0:01:30]} 9. Be2 {[%emt 0:03:30]} g5 {[%emt 0:03:30]} 10. Be3 {[%emt 0:03:30]} Nge7 {[%emt 0:02:30]} 11. Rc1 {[%emt 0:01:30]} Bg6 {[%emt 0:05:30]} 12. O-O {[%emt 0:06:30]} Nf5 {[%emt 0:02:30]} 13. b4 {[%emt 0:02:30]} Be7 {[%emt 0:03:30]} 14. Na4 {[%emt 0:05:30]} O-O {[%emt 0:01:30]} 15. Nc5 {[%emt 0:00:30]} Bxc5 {[%emt 0:01:30]} 16. bxc5 {[%emt 0:00:30]} f6 {[%emt 0:03:30]} 17. Qb3 {[%emt 0:05:30]} g4 {[%emt 0:02:30]} 18. Nd2 {[%emt 0:05:30]} Nfxd4 {[%emt 0:03:30]} 19. Qd1 {[%emt 0:01:30]} Nxe2+ {[%emt 0:02:30]} 20. Qxe2 {[%emt 0:01:30]} Nxe5 {[%emt 0:00:30]} 21. Bxh6 {[%emt 0:03:30]} Bd3 {[%emt 0:02:30]} 22. Qe3 {[%emt 0:01:30]} Bxf1 {[%emt 0:00:30]} 23. Bxf8 {[%emt 0:00:30]} Qxf8 {[%emt 0:00:30]} 24. Rxf1 {[%emt 0:00:30]} Rc8 {[%emt 0:03:30]} 25. Nb3 {[%emt 0:02:30]} Qg7 {[%emt 0:04:30]} 26. Nd4 {[%emt 0:03:30]} Re8 {[%emt 0:01:30]} 27. Rb1 {[%emt 0:02:30]} Re7 {[%emt 0:02:30]} 28. Qb3 {[%emt 0:06:30]} Kh7 {[%emt 0:03:30]} 29. Qb6 {[%emt 0:05:30]} Nf3+ {[%emt 0:09:30]} 30. gxf3 {[%emt 0:09:30]} gxf3+ {[%emt 0:00:30]} 31. Kf1 {[%emt 0:00:00]} Qg2+ {[%emt 0:03:30]} 32. Ke1 {[%emt 0:00:00]} Qg1+ {[%emt 0:00:30]} 33. Kd2 {[%emt 0:00:30]} Qxf2+ {[%emt 0:00:30]} 34. Kd3 {[%emt 0:00:30]} Qh4 {[%emt 0:06:38]} 35. Qd6 {[%emt 0:03:30]} Qe4+ {[%emt 0:00:27]} 36. Kc3 {[%emt 0:00:30]} Qe3+ {[%emt 0:02:42]} 37. Kc2 {[%emt 0:00:30]} Rg7 {[%emt 0:00:51]} 38. Rd1 {[%emt 0:04:59]} e5 {[%emt 0:04:51]} 39. Rd3 {[%emt 0:01:43]} Rg2+ {[%emt 0:00:46]} 40. Kc3 {[%emt 0:01:13]} exd4+ {[%emt 0:03:10]} 41. Kb4 {[%emt 0:01:05]} Qxd3 {[%emt 0:05:35]} 42. Qd7+ {[%emt 0:00:30]} Kh6 {[%emt 0:00:30]} 0-1

[Event "ESTCC 65 2019"]
[Site "Mali Losinj"]
[Date "2019.09.25"]
[Round "8.12"]
[White "Kiefer, Gerhard"]
[Black "Palsson, Bertil"]
[Result "1-0"]
[WhiteElo "2227"]
[BlackElo "1784"]
[Annotator "NA"]
[PlyCount "63"]
[EventDate "2019.09.18"]
[EventType "team-tourn"]
[EventCountry "CRO"]
[SourceTitle "playchess.com"]
[Source "ChessBase"]
[SourceQuality "1"]
[WhiteTeam "Germany"]
[BlackTeam "Sweden"]
[WhiteTeamCountry "GER"]
[BlackTeamCountry "SWE"]
[TimeControl "40/5400+30:1800+30"]

1. e4 {[%emt 0:00:30]} e5 {[%emt 0:00:30]} 2. Nf3 {[%emt 0:00:00]} Nc6 {[%emt 0:00:00]} 3. Bb5 {[%emt 0:00:00]} a6 {[%emt 0:00:00]} 4. Ba4 {[%emt 0:00:00]} d6 {[%emt 0:00:00]} 5. c3 {[%emt 0:08:00]} b5 {[%emt 0:02:00]} 6. Bb3 {[%emt 0:00:30]} Na5 {[%emt 0:01:30]} 7. Bc2 {[%emt 0:00:30]} Bg4 {[%emt 0:01:30]} 8. h3 {[%emt 0:00:30]} Bh5 {[%emt 0:00:30]} 9. d4 {[%emt 0:00:30]} exd4 {[%emt 0:02:30]} 10. cxd4 {[%emt 0:01:30]} Be7 {[%emt 0:03:30]} 11. a4 {[%emt 0:06:30]} b4 {[%emt 0:02:30]} 12. O-O {[%emt 0:00:00]} Nf6 {[%emt 0:02:30]} 13. Re1 {[%emt 0:00:00]} O-O {[%emt 0:00:30]} 14. Nbd2 {[%emt 0:01:30]} Re8 {[%emt 0:07:30]} 15. Nf1 {[%emt 0:03:30]} h6 {[%emt 0:01:30]} 16. Ng3 {[%emt 0:00:00]} Bg6 {[%emt 0:00:30]} 17. Nh4 {[%emt 0:03:00]} Bh7 {[%emt 0:00:30]} 18. Nhf5 {[%emt 0:00:00]} Bf8 {[%emt 0:01:30]} 19. Qf3 {[%emt 0:01:00]} c6 {[%emt 0:22:30]} 20. b3 {[%emt 0:03:30]} Nb7 {[%emt 0:04:30]} 21. Bb2 {[%emt 0:05:30]} a5 {[%emt 0:04:30]} 22. Rad1 {[%emt 0:00:30]} Qc7 {[%emt 0:03:30]} 23. Nxh6+ {[%emt 0:02:30]} gxh6 {[%emt 0:00:30]} 24. Qxf6 {[%emt 0:00:00]} Bg7 {[%emt 0:00:30]} 25. Qf4 {[%emt 0:02:00]} Rad8 {[%emt 0:03:30]} 26. Nh5 {[%emt 0:01:30]} f5 {[%emt 0:06:30]} 27. Nxg7 {[%emt 0:03:30]} Qxg7 {[%emt 0:01:30]} 28. Rd3 {[%emt 0:01:30]} fxe4 {[%emt 0:04:30]} 29. Rg3 {[%emt 0:00:00]} Bg6 {[%emt 0:00:30]} 30. Rxe4 {[%emt 0:05:00]} Rf8 {[%emt 0:02:30]} 31. Qg4 {[%emt 0:00:30]} Rf6 {[%emt 0:00:30]} 32. d5 {[%emt 0:00:30]} 1-0

[Event "ESTCC 65 2019"]
[Site "Mali Losinj"]
[Date "2019.09.25"]
[Round "8.13"]
[White "Renman, Nils-Gustaf"]
[Black "Lofgren, Claes"]
[Result "1-0"]
[WhiteElo "2340"]
[BlackElo "2059"]
[Annotator "NA"]
[PlyCount "79"]
[EventDate "2019.09.18"]
[EventType "team-tourn"]
[EventCountry "CRO"]
[SourceTitle "playchess.com"]
[Source "ChessBase"]
[SourceQuality "1"]
[WhiteTeam "Sweden"]
[BlackTeam "Denmark"]
[WhiteTeamCountry "SWE"]
[BlackTeamCountry "DEN"]
[TimeControl "40/5400+30:1800+30"]

1. d4 {[%emt 0:00:30]} Nf6 {[%emt 0:00:30]} 2. Nf3 {[%emt 0:00:00]} e6 {[%emt 0:00:30]} 3. c4 {[%emt 0:00:00]} b6 {[%emt 0:00:00]} 4. g3 {[%emt 0:00:00]} Bb7 {[%emt 0:00:00]} 5. Bg2 {[%emt 0:00:00]} Be7 {[%emt 0:00:30]} 6. O-O {[%emt 0:00:30]} O-O {[%emt 0:00:30]} 7. Nc3 {[%emt 0:00:00]} Ne4 {[%emt 0:00:30]} 8. Bd2 {[%emt 0:00:00]} f5 {[%emt 0:03:30]} 9. d5 {[%emt 0:05:30]} Bf6 {[%emt 0:03:30]} 10. Rc1 {[%emt 0:00:30]} Qe7 {[%emt 0:02:30]} 11. Ne1 {[%emt 0:01:30]} Nxc3 {[%emt 0:08:30]} 12. Bxc3 {[%emt 0:00:30]} d6 {[%emt 0:01:30]} 13. dxe6 {[%emt 0:02:30]} Bxg2 {[%emt 0:02:30]} 14. Nxg2 {[%emt 0:00:30]} Bxc3 {[%emt 0:02:30]} 15. Rxc3 {[%emt 0:00:30]} Qxe6 {[%emt 0:07:30]} 16. Qd5 {[%emt 0:05:30]} Qxd5 {[%emt 0:02:30]} 17. cxd5 {[%emt 0:00:30]} Na6 {[%emt 0:03:30]} 18. a3 {[%emt 0:07:30]} Rfe8 {[%emt 0:02:30]} 19. e3 {[%emt 0:01:30]} Re7 {[%emt 0:05:30]} 20. b4 {[%emt 0:02:30]} Kf7 {[%emt 0:03:30]} 21. h4 {[%emt 0:02:30]} Ke8 {[%emt 0:03:30]} 22. Nf4 {[%emt 0:01:30]} Kd7 {[%emt 0:01:30]} 23. Rfc1 {[%emt 0:02:30]} Kc8 {[%emt 0:06:30]} 24. Ne2 {[%emt 0:10:30]} Kb7 {[%emt 0:03:30]} 25. f4 {[%emt 0:00:30]} Rae8 {[%emt 0:03:30]} 26. Kf2 {[%emt 0:01:30]} Rf7 {[%emt 0:07:30]} 27. Nd4 {[%emt 0:02:30]} h5 {[%emt 0:03:30]} 28. Kf3 {[%emt 0:04:30]} g6 {[%emt 0:03:14]} 29. Ne6 {[%emt 0:04:30]} Kb8 {[%emt 0:02:51]} 30. Rc6 {[%emt 0:02:30]} Rfe7 {[%emt 0:02:03]} 31. e4 {[%emt 0:04:30]} fxe4+ {[%emt 0:04:41]} 32. Kxe4 {[%emt 0:00:00]} Kb7 {[%emt 0:01:51]} 33. f5 {[%emt 0:08:00]} gxf5+ {[%emt 0:03:28]} 34. Kxf5 {[%emt 0:00:00]} Rf7+ {[%emt 0:01:33]} 35. Kg6 {[%emt 0:00:00]} Rf3 {[%emt 0:01:05]} 36. R6c3 {[%emt 0:00:30]} Rg8+ {[%emt 0:01:35]} 37. Ng7 {[%emt 0:02:30]} Rxc3 {[%emt 0:02:41]} 38. Rxc3 {[%emt 0:00:00]} Nb8 {[%emt 0:00:17]} 39. Kh7 {[%emt 0:02:00]} Rf8 {[%emt 0:00:19]} 40. Rxc7+ {[%emt 0:00:30]} 1-0